<?xml version="1.0" encoding="UTF-8"?>
<record
    xmlns:xsi="http://www.w3.org/2001/XMLSchema-instance"
    xsi:schemaLocation="http://www.loc.gov/MARC21/slim http://www.loc.gov/standards/marcxml/schema/MARC21slim.xsd"
    xmlns="http://www.loc.gov/MARC21/slim">

  <leader>00444nam a2200169   4500</leader>
  <controlfield tag="003">SEACOMEC</controlfield>
  <controlfield tag="005">20231229153634.0</controlfield>
  <controlfield tag="008">231229b        |||||||| |||| 00| 0 eng d</controlfield>
  <datafield tag="020" ind1=" " ind2=" ">
    <subfield code="c">Rs.225.00</subfield>
  </datafield>
  <datafield tag="040" ind1=" " ind2=" ">
    <subfield code="a">SEACOMEC</subfield>
  </datafield>
  <datafield tag="082" ind1=" " ind2=" ">
    <subfield code="a">541</subfield>
    <subfield code="b">N384</subfield>
  </datafield>
  <datafield tag="100" ind1=" " ind2=" ">
    <subfield code="a">Negi,A.S.</subfield>
  </datafield>
  <datafield tag="245" ind1="1" ind2=" ">
    <subfield code="a">(A) textbook of physical chemistry</subfield>
    <subfield code="c">A.S. Negi,S.C.Anannd</subfield>
  </datafield>
  <datafield tag="260" ind1=" " ind2=" ">
    <subfield code="a">New Delhi</subfield>
    <subfield code="b">New Age</subfield>
    <subfield code="c">2005</subfield>
  </datafield>
  <datafield tag="650" ind1=" " ind2=" ">
    <subfield code="a">Natural sciences,Physical chemistry</subfield>
  </datafield>
  <datafield tag="942" ind1=" " ind2=" ">
    <subfield code="c">BOOK</subfield>
  </datafield>
  <datafield tag="952" ind1=" " ind2=" ">
    <subfield code="0">0</subfield>
    <subfield code="1">0</subfield>
    <subfield code="2">ddc</subfield>
    <subfield code="4">0</subfield>
    <subfield code="7">0</subfield>
    <subfield code="a">SEACOMEC</subfield>
    <subfield code="b">SEACOMEC</subfield>
    <subfield code="d">2006-06-03</subfield>
    <subfield code="l">0</subfield>
    <subfield code="o">541 N384</subfield>
    <subfield code="p">01006</subfield>
    <subfield code="r">2024-09-30 11:49:19</subfield>
    <subfield code="w">2024-09-30</subfield>
    <subfield code="y">BOOK</subfield>
  </datafield>
  <datafield tag="952" ind1=" " ind2=" ">
    <subfield code="0">0</subfield>
    <subfield code="1">0</subfield>
    <subfield code="2">ddc</subfield>
    <subfield code="4">0</subfield>
    <subfield code="7">0</subfield>
    <subfield code="a">SEACOMEC</subfield>
    <subfield code="b">SEACOMEC</subfield>
    <subfield code="d">2006-06-03</subfield>
    <subfield code="l">0</subfield>
    <subfield code="o">541 N384</subfield>
    <subfield code="p">01007</subfield>
    <subfield code="r">2024-09-30 11:49:19</subfield>
    <subfield code="t">1</subfield>
    <subfield code="w">2024-09-30</subfield>
    <subfield code="y">BOOK</subfield>
  </datafield>
  <datafield tag="952" ind1=" " ind2=" ">
    <subfield code="0">0</subfield>
    <subfield code="1">0</subfield>
    <subfield code="2">ddc</subfield>
    <subfield code="4">0</subfield>
    <subfield code="7">0</subfield>
    <subfield code="a">SEACOMEC</subfield>
    <subfield code="b">SEACOMEC</subfield>
    <subfield code="d">2006-06-03</subfield>
    <subfield code="l">0</subfield>
    <subfield code="o">541 N384</subfield>
    <subfield code="p">01008</subfield>
    <subfield code="r">2024-09-30 11:49:19</subfield>
    <subfield code="t">2</subfield>
    <subfield code="w">2024-09-30</subfield>
    <subfield code="y">BOOK</subfield>
  </datafield>
  <datafield tag="952" ind1=" " ind2=" ">
    <subfield code="0">0</subfield>
    <subfield code="1">0</subfield>
    <subfield code="2">ddc</subfield>
    <subfield code="4">0</subfield>
    <subfield code="7">0</subfield>
    <subfield code="a">SEACOMEC</subfield>
    <subfield code="b">SEACOMEC</subfield>
    <subfield code="d">2006-06-03</subfield>
    <subfield code="l">0</subfield>
    <subfield code="o">541 N384</subfield>
    <subfield code="p">01009</subfield>
    <subfield code="r">2024-09-30 11:49:19</subfield>
    <subfield code="t">3</subfield>
    <subfield code="w">2024-09-30</subfield>
    <subfield code="y">BOOK</subfield>
  </datafield>
  <datafield tag="952" ind1=" " ind2=" ">
    <subfield code="0">0</subfield>
    <subfield code="1">0</subfield>
    <subfield code="2">ddc</subfield>
    <subfield code="4">0</subfield>
    <subfield code="7">0</subfield>
    <subfield code="a">SEACOMEC</subfield>
    <subfield code="b">SEACOMEC</subfield>
    <subfield code="d">2006-06-03</subfield>
    <subfield code="l">0</subfield>
    <subfield code="o">541 N384</subfield>
    <subfield code="p">01010</subfield>
    <subfield code="r">2024-09-30 11:49:19</subfield>
    <subfield code="t">4</subfield>
    <subfield code="w">2024-09-30</subfield>
    <subfield code="y">BOOK</subfield>
  </datafield>
  <datafield tag="952" ind1=" " ind2=" ">
    <subfield code="0">0</subfield>
    <subfield code="1">0</subfield>
    <subfield code="2">ddc</subfield>
    <subfield code="4">0</subfield>
    <subfield code="7">0</subfield>
    <subfield code="a">SEACOMEC</subfield>
    <subfield code="b">SEACOMEC</subfield>
    <subfield code="d">2006-06-03</subfield>
    <subfield code="l">0</subfield>
    <subfield code="o">541 N384</subfield>
    <subfield code="p">01011</subfield>
    <subfield code="r">2024-09-30 11:49:19</subfield>
    <subfield code="t">5</subfield>
    <subfield code="w">2024-09-30</subfield>
    <subfield code="y">BOOK</subfield>
  </datafield>
  <datafield tag="952" ind1=" " ind2=" ">
    <subfield code="0">0</subfield>
    <subfield code="1">0</subfield>
    <subfield code="2">ddc</subfield>
    <subfield code="4">0</subfield>
    <subfield code="7">0</subfield>
    <subfield code="a">SEACOMEC</subfield>
    <subfield code="b">SEACOMEC</subfield>
    <subfield code="d">2006-06-03</subfield>
    <subfield code="l">0</subfield>
    <subfield code="o">541 N384</subfield>
    <subfield code="p">01012</subfield>
    <subfield code="r">2024-09-30 11:49:19</subfield>
    <subfield code="t">6</subfield>
    <subfield code="w">2024-09-30</subfield>
    <subfield code="y">BOOK</subfield>
  </datafield>
  <datafield tag="952" ind1=" " ind2=" ">
    <subfield code="0">0</subfield>
    <subfield code="1">0</subfield>
    <subfield code="2">ddc</subfield>
    <subfield code="4">0</subfield>
    <subfield code="7">0</subfield>
    <subfield code="a">SEACOMEC</subfield>
    <subfield code="b">SEACOMEC</subfield>
    <subfield code="d">2006-06-03</subfield>
    <subfield code="l">0</subfield>
    <subfield code="o">541 N384</subfield>
    <subfield code="p">01013</subfield>
    <subfield code="r">2024-09-30 11:49:19</subfield>
    <subfield code="t">7</subfield>
    <subfield code="w">2024-09-30</subfield>
    <subfield code="y">BOOK</subfield>
  </datafield>
  <datafield tag="952" ind1=" " ind2=" ">
    <subfield code="0">0</subfield>
    <subfield code="1">0</subfield>
    <subfield code="2">ddc</subfield>
    <subfield code="4">0</subfield>
    <subfield code="7">0</subfield>
    <subfield code="a">SEACOMEC</subfield>
    <subfield code="b">SEACOMEC</subfield>
    <subfield code="d">2006-06-03</subfield>
    <subfield code="l">0</subfield>
    <subfield code="o">541 N384</subfield>
    <subfield code="p">01014</subfield>
    <subfield code="r">2024-09-30 11:49:19</subfield>
    <subfield code="t">8</subfield>
    <subfield code="w">2024-09-30</subfield>
    <subfield code="y">BOOK</subfield>
  </datafield>
  <datafield tag="952" ind1=" " ind2=" ">
    <subfield code="0">0</subfield>
    <subfield code="1">0</subfield>
    <subfield code="2">ddc</subfield>
    <subfield code="4">0</subfield>
    <subfield code="7">0</subfield>
    <subfield code="a">SEACOMEC</subfield>
    <subfield code="b">SEACOMEC</subfield>
    <subfield code="d">2006-06-03</subfield>
    <subfield code="l">0</subfield>
    <subfield code="o">541 N384</subfield>
    <subfield code="p">01015</subfield>
    <subfield code="r">2024-09-30 11:49:19</subfield>
    <subfield code="t">9</subfield>
    <subfield code="w">2024-09-30</subfield>
    <subfield code="y">BOOK</subfield>
  </datafield>
  <datafield tag="999" ind1=" " ind2=" ">
    <subfield code="c">373</subfield>
    <subfield code="d">373</subfield>
  </datafield>
</record>
